FIFA World Cup Top Goalscorers - Sudden Death - Statistics

General Stats
  • This quiz has been taken 127 times
  • The average score is 4 of 15
Answers on the Grid
Answers color-coded by a green-red scale on the quiz's grid according to % correct below.
Miroslav Klose
Ronaldo
Gerd Müller
Just Fontaine
Lionel Messi
Pelé
Kylian Mbappé
Sándor Kocsis
Jürgen Klinsmann
Helmut Rahn
Gary Lineker
Gabriel Batistuta
Teófilo Cubillas
Thomas Müller
Grzegorz Lato
Eusébio
Paolo Rossi
Roberto Baggio
David Villa
Harry Kane
Neymar
Cristiano Ronaldo
Diego Maradona
Luis Suárez
Davor Suker
James Rodríguez
Thierry Henry
Zinédine Zidane
Zico
Michel Platini
 
Answer Stats
Answer % Correct
Miroslav Klose
62%
Lionel Messi
43%
Pelé
42%
Ronaldo
41%
Kylian Mbappé
39%
Thomas Müller
34%
Gerd Müller
33%
Just Fontaine
29%
Gary Lineker
19%
Gabriel Batistuta
11%
Grzegorz Lato
11%
Jürgen Klinsmann
11%
Sándor Kocsis
11%
Helmut Rahn
6%
Teófilo Cubillas
5%
No matching quizzes found
Score Distribution
Percent of People with Each Score
Percentile by Number Answered
Your Score History
You have not taken this quiz